000 00597nam a2200193 i 4500
001 51079
003 ES-MaACL
005 20230906162308.0
007 t|
008 030808s1972 sp ||||1| spa d
080 _a821.134.2-4"19"
100 1 _aChao Espina, Enrique.
_937996
245 1 0 _aBarbas, barbudos y barbudas /
_cEnrique Chao Espina ; prólogo Evaristo Correa Calderón.
250 _a[2ª ed. aum.].
260 _a[La Coruña :
_bs.n.,
_c1972]
300 _a131 p., 8 lám. :
_bil. ;
_c21 cm.
700 1 _aCorrea Calderón, Evaristo.
_940752
852 _aES-MaACL
_jA-6352
_bR.95699
999 _c51079
_d51079